Variations on a TV Theme Song (VERY HARD) Quiz Stats

 Plays Quiz not verified by Sporcle

Score 0/41 Timer 10:00
0 Plays Today
Time TV Show % Correct
0:09-0:11Married... With Children
71.4%
0:28-0:30Barney and Friends
67.9%
2:36-2:37The Pink Panther
65.2%
2:48-2:59The Twilight Zone
55.1%
1:58-2:00Home Improvement
52.7%
2:32-2:35Roseanne
47.3%
0:38-0:42Hawaii Five-O
42.8%
0:19-0:22Knight Rider
39.8%
1:19-1:22Mister Rogers' Neighborhood
34.8%
0:00-0:02Doctor Who
34%
0:05-0:08The Jetsons
32.1%
0:43-0:45Who's the Boss?
31.8%
2:24-2:27Welcome Back, Kotter
31.8%
2:46-2:47Good Times
31%
0:12-0:18Unsolved Mysteries
28.3%
2:38-2:42Dragnet
27.5%
1:06-1:08The Outer Limits
25.9%
1:36-1:37Night Court
25.9%
0:59-1:05The Mary Tyler Moore Show
25.4%
0:50-0:53Doogie Howser, MD
24.3%
1:11-1:16Angel
21.9%
Time TV Show % Correct
2:01-2:04Magnum, PI
21.4%
0:46-0:49My Three Sons
18.7%
2:12-2:16Carol Burnett and Friends
17.9%
2:17-2:20L.A. LAW
17.4%
2:28-2:31Alfred Hitchcock Presents
16.6%
1:17-1:18Rawhide
15.5%
1:29-1:32The Six Million Dollar Man
15.2%
1:09-1:10What's Happening?
15%
1:54-1:57Taxi
13.6%
2:21-2:23Mork & Mindy
12.8%
2:43-2:45A Different World
11.2%
0:54-0:58Battlestar Galactica
10.7%
1:23-1:28CHiPs
10.7%
1:38-1:45Fantasy Island
10.2%
1:33-1:35Lost in Space
9.4%
0:23-0:27The Incredible Hulk
8.3%
2:05-2:11The Wild Wild West
8.3%
1:46-1:53All My Children
5.9%
0:31-0:37The Prisoner
3.2%
0:03-0:04The Misfits of Science
2.1%

You're not logged in!

Compare scores with friends on all Sporcle quizzes.
OR
Log In

You Might Also Like...

Show Comments

Extras

Top Quizzes Today


Score Distribution

Your Account Isn't Verified!

In order to create a playlist on Sporcle, you need to verify the email address you used during registration. Go to your Sporcle Settings to finish the process.

Report this User

Report this user for behavior that violates our Community Guidelines.

Details: